Manuel Pacho / (Registro nro. 33402)

Detalles MARC
000 -CABECERA
Longitud fija campo de control 00995nam a2200277 a 4500
003 - • IDENTIFICADOR DELl NÚMERO DE CONTROL
Identificador del número de control CO-ViMGA
005 - • FECHA Y HORA DE LA ÚLTIMA TRANSACCIÓN
Fecha y hora de la última transacción 20230915232151.0
008 - • CÓDIGOS DE INFORMACIÓN DE LONGITUD FIJA
Códigos de información de longitud fija 141112s2004 ck r 000 u spa d
020 ## - • NÚMERO INTERNACIONAL NORMALIZADO PARA LIBROS
Número Internacional Normalizado para Libros (ISBN) 9789583035180
040 ## - FUENTE DE LA CATALOGACIÓN
Centro catalogador de origen CO-ViMGA
Lengua de catalogación spa
Centro transcriptor CO-ViMGA
043 ## - CÓDIGO DE ÁREA GEOGRÁFICA
Código de área geográfica s - ck - - -
082 04 - • NÚMERO DE LA CLASIFICACIÓN DECIMAL DEWEY
Número de clasificación (R) Co863.6 C11m9
100 1# - • PUNTO DE ACCESO PRINCIPAL-NOMBRE DE PERSONA
Nombre de persona Caballero Calderón, Eduardo, 1910 - 1993.
245 10 - • TITULO PROPIAMENTE DICHO
Título Manuel Pacho /
Mención de responsabilidad, etc. Eduardo Caballero Calderón.
250 ## - • MENCIÓN DE EDICIÓN
Mención de edición Editor Carlos Sánchez Lozano.
300 ## - • DESCRIPCIÓN FÍSICA
Extensión 176 p. ; 21 cm.
490 ## - • MENCIÓN DE SERIE
Mención de serie Coleccion Eduardo Caballero Calderon
490 ## - • MENCIÓN DE SERIE
Mención de serie Colección Eduardo Caballero Calderón
650 14 - • PUNTO DE ACCESO ADICIONAL DE MATERIA - TÉRMINO DE MATERIA
Término de materia o nombre geográfico como elemento inicial Novela colombiana.
700 1# - • PUNTO DE ACCESO ADICIONAL - NOMBRE DE PERSONA
Nombre de persona Sánchez, Carlos, ed.
852 ## - LOCALIZACIÓN
-- 3.238.60
942 ## - ENTRADA DE ELEMENTOS AGREGADOS (KOHA)
Fuente de clasificaión o esquema Dewey Decimal Classification
Koha [por defecto] tipo de item LIbro
Existencias
Perdido Fuente de clasificación o esquema Estado Físico No para préstamo Forma de adquisición Localización permanente Localización actual Fecha adquisición Serie de enumeración / cronolog&íacute;a Préstamos totales Signatura completa Código de barras Fecha última consulta Número de copia Fecha del precio de reemplazo Tipo de item de Koha Localización en estanterías Note pública
        Literatura General Biblioteca Pública Departamental Eduardo Carranza - Villavicencio Biblioteca Pública Departamental Eduardo Carranza - Villavicencio 02/07/2012     N CAB1m ECA20534 11/26/2024 Ej.1 11/26/2024 LIbro Literatura 15093 | 19733
        Literatura General Biblioteca Pública Departamental Eduardo Carranza - Villavicencio Biblioteca Pública Departamental Eduardo Carranza - Villavicencio 07/03/2012     N CAB1m ECA21328 11/26/2024 Ej.1 11/26/2024 LIbro Literatura 16231 | 20985
  Dewey Decimal Classification     Sala General Segundo Piso Biblioteca Pública Germán Arciniegas - Villavicencio Biblioteca Pública Germán Arciniegas - Villavicencio 12/04/2015 01/dic/2014   Co863.6 C11m9 27736 12/04/2015 Ej. 1 12/04/2015 LIbro    









Instituto Departamental de Cultura del Meta - Red Departamental de Bibliotecas Públicas del Meta.